000 00922nam a2200277 4500
001 0000019817
003 CO-CtgCURN
005 20250521142433.0
007 ta
008 160627s1996 000 0 eng d
020 _a8445803107
040 _aCO-CtgCURN
_bspa
_ccoctgcurn
082 0 _a617.15
_bP95m
100 1 _aPynsent, Paul.
245 1 0 _aMedición de los resultados en ortopedia /
_cPaul Pynsent, Jeremy Fairbank, Andrew Carr, traducción Joaquin Fores Viñeta.
260 _aMadrid :
_bMasson,
_c1996.
300 _axxiii, 309 p.
336 _2rdacontent
337 _2rdamedia
_asin mediacion
_bn
338 _2rdacarrier
_avolumen
_bnc
500 _aIncluye bibliografía e índice \Titulo original. Outcome measures in orthopaedics.
650 1 4 _aOrtopedia.
908 _a160627
942 _cBK
_h617.15
_iP95m
_2ddc
_n0
999 _c23133
_d23133